000 00970nam a22002537a 4500
999 _c63984
_d63984
005 20240530110709.0
008 180121s2016 ua a g b 000 0dara d
017 _a2016/2661
_bمصر. دار الكتب
020 _a9789774313846
040 _aEG-CaGPL
_cEG-CaGPL
082 0 4 _221
_a371.3\
_bا ط
100 0 _aالمكاشفى عثمان دفع الله القاضى
245 1 0 _aطرق التدريس :
_bاحدث التطبيقات للمعلم المعاصر /
_cالمكاشفى عثمان دفع الله القاضى .
250 _aط.1
260 _aالقاهرة :
_bمؤسسة طيبة للنشر والتوزيع،
_c2016 .
300 _a317 ص. ؛
_c24 سم.
650 0 7 _2qrmak
_aالتعليم
650 0 7 _2qrmak
_aالمدرسون
_xتدريب
650 0 7 _2qrmak
_aطرق التدريس
650 0 7 _2qrmak
_aالتعليم الالكترونى
651 _2qrmak
942 _2ddc
_cBK